John Houseman Filmography - Statistics

General Stats
  • This quiz has been taken 2 times
  • The average score is 3 of 97
Answer Stats
Type Year Name % Correct
Film 1973 The Paper Chase
100%
TV Show 1978-1986 The Paper Chase
100%
Production 1953 Julius Caesar
50%
Production 1966 ABC Stage 67
0%
TV Film 1980 A Christmas Without Snow
0%
TV Mini-Series 1985 A.D.
0%
Production 1962 All Fall Down
0%
TV Show 1983 American Playhouse
0%
Film 1988 Another Woman
0%
Short Film 1983 A Rose for Emily
0%
TV Mini-Series 1977 Aspen
0%
Film 1988 Bright Lights, Big City
0%
TV Mini-Series 1976 Captains and the Kings
0%
Production 1983 Choices of the Heart
0%
Theater 1974, 1975 Clarence Darrow
0%
Stage Director 1954 Coriolanus
0%
Production 1960 Dillinger
0%
Production 1954 Executive Suite
0%
TV Film 1975 Fear on Trial
0%
TV Mini-Series 1983 Freedom to Speak
0%
Film 1981 Ghost Story
0%
TV Film 1980 Gideon's Trumpet
0%
TV Show 1975, 1982 Great Performances
0%
Stage Director 1936 Hamlet
0%
TV Film 1976 Hazard's People
0%
Production 1954 Her Twelve Men
0%
Production 1952 Holiday for Sinners
0%
Production 1963 In the Cool of the Day
0%
Stage Director 1950-1951, 1978 King Lear
0%
Stage Director 1985 King Richard III
0%
Production 1948 Letter from an Unknown Woman
0%
TV Mini-Series 1988 Lincoln
0%
Production 1956 Lust for Life
0%
Stage Director 1946 Lute Song
0%
TV Mini-Series 1982 Marco Polo
0%
Commercial Early 1980s McDonald's
0%
Stage Director 1957, 1973-1974 Measure for Measure
0%
Production 1946 Miss Susie Slagle's
0%
Production 1955 Moonfleet
0%
TV Show 1982 Mork & Mindy
0%
Film 1982 Murder by Phone
0%
Film 1980 My Bodyguard
0%
TV Mini-Series 1988 Noble House
0%
Film 1979 Old Boyfriends
0%
Production 1951 On Dangerous Ground
0%
TV Film 1987 Our Planet Tonight
0%
Stage Director 1967-1968 Pantagleize
0%
TV Film 1983 Peace on Borrowed Time
0%
Production 1958-1959 Playhouse 90
0%
Commercial 1982 Plymouth Reliant K Automobiles
0%
Commercial 1985 Puritan Vegetable Oil
0%
Film 1975 Rollerball
0%
Film 1988 Scrooged
0%
Film 1964 Seven Days in May
0%
TV Show 1982-1987 Silver Spoons
0%
TV Film 1976 Six Characters in Search of an Author
0%
Commercial Late 1970s Smith Barney Investment Firm
0%
Director 1946 Sorry, Wrong Number
0%
Film 1976 St. Ives
0%
TV Show 1980-1984 Tales of the Unexpected
0%
TV Mini-Series 1976 The Adams Chronicles
0%
TV Show 1977 The American Short Story
0%
TV Show 1980 The Associates
0%
TV Film 1980 The Babysitter
0%
Production 1952 The Bad and the Beautiful
0%
TV Mini-Series 1977 The Best of Families
0%
TV Show 1976 The Bionic Woman
0%
Production 1946 The Blue Dahlia
0%
Film 1978 The Cheap Detective
0%
Production 1955 The Cobweb
0%
Production 1951 The Company She Keeps
0%
Stage Director 1972 The Country Girl
0%
Stage Director 1983 The Cradle Will Rock
0%
Stage Director 1939 The Devil and Daniel Webster
0%
TV Film 1977 The Displaced Person
0%
Film 1980 The Fog
0%
TV Mini-Series 1979 The French Atlantic Affair
0%
Production 1963 The Great Adventure
0%
Stage Director 1934 The Lady from the Sea
0%
TV Mini-Series 1979 The Last Convertible
0%
TV Film 1980 The Merry Wives of Windsor
0%
Film 1988 The Naked Gun: From the Files of Police Squad!
0%
TV Show 1961 The New Steve Allen Show
0%
Production 1957-1958 The Seven Lively Arts
0%
TV Show 1976 The Six Million Dollar Man
0%
Production 1945 The Unseen
0%
TV Mini-Series 1983 The Winds of War
0%
Production 1948 They Live by Night
0%
Production 1966 This Property Is Condemned
0%
Film 1975 Three Days of the Condor
0%
Film 1938 Too Much Johnson
0%
TV Film 1976 Truman at Potsdam
0%
Production 1962 Two Weeks in Another Town
0%
Stage Director 1934-1935 Valley Forge
0%
TV Mini-Series 1977 Washington: Behind Closed Doors
0%
Film 1980 Wholly Moses!
0%
Short Film 1981 Writing: Plain & Fancy
0%
No matching quizzes found
Score Distribution
Percent of People with Each Score
Percentile by Number Answered
Your Score History
You have not taken this quiz